| 000 | 00437cam a2200169ua 4500 | ||
|---|---|---|---|
| 020 | _c5.00 | ||
| 041 |
_amal _h |
||
| 082 |
_a894.812308 _bANA/RA |
||
| 100 | _aAnand, Mulkraj . | ||
| 245 |
_aRandilayum oru mottum / _cMulkraj Anand. _hTextual Documents |
||
| 260 |
_aKottayam : _bSahitya Pravarthaka Co-operative Society , _c1966. |
||
| 300 | _a354 ; . | ||
| 365 | _a5.00 | ||
| 504 | _a | ||
| 942 | _cBK | ||
| 999 |
_c11462 _d11462 |
||